| 000 | 00657nam a2200181Ia 4500 | ||
|---|---|---|---|
| 008 | 090123s9999 xx 000 0 und d | ||
| 082 |
_b36907 _a921.423/टागोर |
||
| 100 | _aटागोर सौमेंद्रनाथ | ||
| 245 | _aराजा राममोहन रॉय | ||
| 250 | _a1 | ||
| 260 |
_bसाहित्य अकादमी _c2004 |
||
| 300 | _a60 | ||
| 600 | _aटागोर सौमेंद्रनाथ | ||
| 630 | _aराजा राममोहन रॉय | ||
| 700 | _aटागोर सौमेंद्रनाथ | ||
| 730 | _aराजा राममोहन रॉय | ||
| 942 | _cBOOK | ||
| 999 |
_c74974 _d74974 |
||